Report Of The Committee On Lands And Natural Resources On The Annual Budget Estimates Of The Ministry Of lands And Natural Resources For The 2025 Financial Year (Record no. 5232)

MARC details
000 -LEADER
fixed length control field 00668nam a22001697a 4500
003 - CONTROL NUMBER IDENTIFIER
control field OSt
005 - DATE AND TIME OF LATEST TRANSACTION
control field 20250617114747.0
008 - FIXED-LENGTH DATA ELEMENTS--GENERAL INFORMATION
fixed length control field 250617b |||||||| |||| 00| 0 eng d
041 ## - LANGUAGE CODE
Language code of text/sound track or separate title English
082 ## - DEWEY DECIMAL CLASSIFICATION NUMBER
Classification number Ac c. No. 11014 CR/LNR/25
110 ## - MAIN ENTRY--CORPORATE NAME
Corporate name or jurisdiction name as entry element Committee On Lands And Natural Resources
245 ## - TITLE STATEMENT
Title Report Of The Committee On Lands And Natural Resources On The Annual Budget Estimates Of The Ministry Of lands And Natural Resources For The 2025 Financial Year
260 ## - PUBLICATION, DISTRIBUTION, ETC.
Place of publication, distribution, etc. Accra
Name of publisher, distributor, etc. Parliament Of Ghana
Date of publication, distribution, etc. 2025
300 ## - PHYSICAL DESCRIPTION
Extent 19P; Tabs
650 ## - SUBJECT ADDED ENTRY--TOPICAL TERM
Source of heading or term nnual Budget Estimates Of The Ministry Of lands And Natural Resources For The 2025 Financial Year
942 ## - ADDED ENTRY ELEMENTS (KOHA)
Source of classification or shelving scheme Dewey Decimal Classification
Koha item type Committee Reports
Suppress in OPAC No
Holdings
Withdrawn status Lost status Source of classification or shelving scheme Damaged status Not for loan Home library Current library Shelving location Date acquired Total checkouts Full call number Date last seen Copy number Price effective from Koha item type
    Dewey Decimal Classification     Main Library Main Library Open Shelves 17/06/2025   Ac c. No. 11014 CR/LNR/25 17/06/2025 1 17/06/2025 Committee Reports
    Dewey Decimal Classification     Main Library Main Library Open Shelves 17/06/2025   Ac c. No. 11014 CR/LNR/25 17/06/2025 2 17/06/2025 Committee Reports
©2026  Parliament of Ghana Library - All rights reserved